Former Names of London UNDERGROUND Stations - Statistics

General Stats
  • This quiz has been taken 242 times
  • The average score is 7 of 23
Answer Stats
Former Name Years Current Name % Correct
Trafalgar Square 1906-1979 Charing Cross
73%
Gower Street 1863-1909 Euston Square
63%
Gillespie Road 1906-1932 Arsenal
54%
Walham Green 1880-1952 Fulham Broadway
48%
Bishopsgate 1875-1909 Liverpool Street
44%
Great Central 1907-1917 Marylebone
40%
Post Office 1900-1937 St. Paul's
40%
Mill Hill Park 1879-1910 Acton Town
39%
Highgate 1907-1939 Archway
39%
Aldersgate 1910-1924 Barbican
35%
Euston Road 1907-1908 Warren Street
33%
Enfield West 1933-1934 Oakwood
30%
Addison Road 1862-1946 Kensington (Olympia)
28%
Notting Hill 1864-1880 Ladbroke Grove
27%
Northolt Junction 1908-1932 South Ruislip
23%
Acton Green 1879-1887 Chiswick Park
22%
Eastcheap 1884-1884 Monument
22%
Sandy Lodge 1910-1923 Moor Park
19%
Westminster Bridge Road 1906-1917 Lambeth North
18%
North End (Fulham) 1874-1874 West Kensington
13%
Brentford Road 1869-1871 Gunnersbury
10%
Chigwell Lane 1865-1949 Debden
5%
Shaftesbury Road 1873-1888 Ravenscourt Park
5%
No matching quizzes found
Score Distribution
Percent of People with Each Score
Percentile by Number Answered
Your Score History
You have not taken this quiz